000 01156cab a2200325 4500
001 WB3223-17
008 090401t1996 xxu||||| |||| 00| 0 eng d
035 _a(Sirsi) u27596
041 _aeng
245 _aPylons crisis
260 _c1996
350 _a0
490 _aSunday Business
_v9 June 1996, 18
490 _aCSM (Chartered Surveyor Monthly)
_v5(9) June 1996, 3&20
490 _aFinancial Times
_v14 June 1996, 16(4)
520 _aDiscusses the evidence of health risks from overhead electricity pylons criticising government for lack of interest. Warns of a possible BSE type crisis. RICS guidance on electromagnetic fields and health is issued in the June update to the appraisal and valuation manual. Suggests putting all cabling underground.
650 _aBLIGHT
650 _aCANCER
650 _aELECTRICITY PYLONS
650 _aELECTROMAGNETIC FIELDS
650 _aHEALTH HAZARDS
650 _aOVERPOWER POWER LINES
650 _aRADIATION
650 _aRICS APPRAISAL AND VALUATION MANUAL
650 _aRICS
650 _aVALUATION ISSUES
690 _aECONOMIC AND SOCIAL
942 _n0
948 _c04/03/1997
999 _c18579
_d18579